[Event "Reykjavik Open 2024"]
[Site "Reykjavik ISL"]
[Date "2024.03.17"]
[Round "4.91"]
[White "Davidsen, Rokur"]
[Black "Sachi Jain"]
[Result "0-1"]
[BlackTitle "WCM"]
[WhiteElo "1682"]
[BlackElo "1992"]
[WhiteFideId "7203098"]
[BlackFideId "25974050"]
[EventDate "2024.03.15"]

1. e4 e5 2. Nc3 Bc5 3. Bc4 d6 4. d3 Nf6 5. Na4 Nbd7 6. Nxc5 Nxc5 7. Bg5 Be6 8.
Bxe6 Nxe6 9. Be3 d5 10. f3 c6 11. Qd2 Qc7 12. Ne2 Rd8 13. Bg5 Nxg5 14. Qxg5 O-O
15. Ng3 Ne8 16. Nf5 f6 17. Qe3 Qa5+ 18. Qd2 Qb6 19. Rb1 Nd6 20. Nxd6 Rxd6 21. a3
f5 22. exd5 Rxd5 23. Ke2 e4 24. Qe3 exd3+ 25. cxd3 Qd8 26. Qf4 Rd4 27. Qc1 Re8+
28. Kf2 Rxd3 29. Rd1 Qh4+ 30. Kg1 Re2 31. Qc5 Rxd1+ 32. Rxd1 Re1+ 33. Rxe1 Qxe1# 0-1

[Event "Reykjavik Open 2024"]
[Site "Reykjavik ISL"]
[Date "2024.03.17"]
[Round "4.92"]
[White "Winnubst, Paul"]
[Black "Haraldsson, Haraldur"]
[Result "1-0"]
[WhiteElo "1681"]
[BlackElo "1991"]
[WhiteFideId "40101460"]
[BlackFideId "2311100"]
[EventDate "2024.03.15"]

1. d4 Nf6 2. c4 e6 3. Nf3 d5 4. Nc3 c6 5. e3 Nbd7 6. Be2 b6 7. O-O Bb7 8. b3 Bd6
9. Bb2 O-O 10. Bd3 c5 11. cxd5 exd5 12. Rc1 Rc8 13. Ne2 Qe7 14. Ng3 g6 15. Qe2
Rc7 16. Rfd1 Ne4 17. Ba6 Ba8 18. Nxe4 dxe4 19. Nd2 cxd4 20. Bxd4 Ne5 21. Nc4
Nf3+ 22. gxf3 exf3 23. Qf1 Rxc4 24. Qxc4 Qg5+ 25. Kf1 Rd8 26. Bc3 Qg2+ 27. Ke1
Qg1+ 28. Qf1 Qxh2 29. Rd4 Re8 30. Bb5 1-0

[Event "Reykjavik Open 2024"]
[Site "Reykjavik ISL"]
[Date "2024.03.17"]
[Round "4.93"]
[White "Rathbone-Jones, Ifan"]
[Black "Gudjonsson, Anton Vignir"]
[Result "1-0"]
[WhiteElo "1966"]
[BlackElo "1643"]
[WhiteFideId "1803859"]
[BlackFideId "2323664"]
[EventDate "2024.03.15"]

1. d4 d5 2. Nf3 e6 3. Bf4 Nf6 4. e3 c5 5. c3 Nc6 6. Nbd2 Be7 7. Bd3 h6 8. Qe2
O-O 9. Ne5 a6 10. h4 Nxe5 11. dxe5 Ne8 12. Qh5 f5 13. g4 g5 14. hxg5 Bxg5 15.
gxf5 Ng7 16. Bxg5 Nxh5 17. Bxd8 Rxd8 18. Rxh5 exf5 19. O-O-O Re8 20. f4 Re7 21.
Rxh6 c4 22. Rg1+ Rg7 23. Rhg6 Rxg6 24. Rxg6+ Kh7 25. Rd6 cxd3 26. Rd8 Kg7 27.
Nf3 Kf7 28. Nd4 Ke7 29. Rh8 b5 30. Nxf5+ Kd7 31. Nd6 Bb7 32. Rxa8 Bxa8 33. f5
Ke7 34. Kd2 Bc6 35. Kxd3 Bd7 36. Kd4 Bc6 37. Kc5 Ba8 38. Nc8+ Kf7 39. e6+ Ke8
40. f6 Kf8 41. e7+ Ke8 42. Nd6+ 1-0

[Event "Reykjavik Open 2024"]
[Site "Reykjavik ISL"]
[Date "2024.03.17"]
[Round "4.94"]
[White "Niebler, Paul"]
[Black "Sveinsson, Gudmundur Peng"]
[Result "1-0"]
[WhiteElo "1955"]
[BlackElo "1620"]
[WhiteFideId "12902730"]
[BlackFideId "2314550"]
[EventDate "2024.03.15"]

1. e4 c6 2. d4 d5 3. f3 dxe4 4. fxe4 e5 5. Nf3 exd4 6. Bc4 Be6 7. Bxe6 fxe6 8.
Qxd4 Qxd4 9. Nxd4 Kd7 10. Rf1 Na6 11. Rf7+ Ne7 12. Be3 e5 13. Nb3 Ke6 14. Rf1
Nc8 15. N1d2 Nb4 16. Kd1 b6 17. c3 Na6 18. Nf3 Be7 19. Ke2 Nd6 20. Nbd2 h6 21.
Bf2 Nc5 22. Bxc5 bxc5 23. c4 Rab8 24. b3 a5 25. Ne1 Rhd8 26. Nd3 Nf7 27. Rxf7
Kxf7 28. Nxe5+ Ke6 29. Nxc6 Rxd2+ 30. Kxd2 Bg5+ 31. Ke2 Ra8 32. Rd1 Rc8 33. Na7
Ra8 34. Nb5 Ke5 35. Nc3 Ke6 36. Rd5 Rc8 37. Na4 Be7 38. g4 Rc6 39. h4 Bd6 40. h5
Be7 41. Rf5 Bd6 42. Nb2 Be5 43. Nd3 Bd4 44. Kf3 Rc8 45. Kf4 Kd6 46. Rf7 Ke6 47.
Ra7 Rf8+ 48. Kg3 Rf1 49. Rxa5 Rd1 50. Nxc5+ Ke5 51. Nd3+ Kxe4 52. Nf2+ Bxf2+ 53.
Kxf2 Kf4 54. Ra7 Rd2+ 55. Ke1 Rg2 56. c5 Rxg4 57. c6 Rh4 58. Rf7+ Ke3 59. c7
Rh1+ 60. Rf1 Rh2 61. c8=Q Rxa2 62. Qc1+ 1-0

[Event "Reykjavik Open 2024"]
[Site "Reykjavik ISL"]
[Date "2024.03.17"]
[Round "4.95"]
[White "Atharva M Parulekar"]
[Black "Omarsson, Adam"]
[Result "1-0"]
[WhiteElo "1580"]
[BlackElo "1976"]
[WhiteFideId "35007190"]
[BlackFideId "2311453"]
[EventDate "2024.03.15"]

1. e4 c5 2. Nf3 d6 3. c3 Nf6 4. h3 g6 5. Bd3 Bg7 6. Bc2 O-O 7. d4 Nc6 8. O-O Qc7
9. Re1 e6 10. Be3 b6 11. a3 Bb7 12. Nbd2 Na5 13. Rc1 c4 14. Bf4 Nh5 15. Bh2 e5
16. b4 cxb3 17. Bxb3 Rac8 18. Ba2 Qe7 19. Nf1 Bh6 20. Rc2 Nf4 21. c4 Ba6 22. Ne3
Bb7 23. Nd5 Bxd5 24. exd5 e4 25. Nd2 f5 26. c5 Nd3 27. Bxd6 Qg5 28. Be7 Qf4 29.
d6+ Kg7 30. Re2 Nc6 31. g3 Nxf2 32. Bxf8+ Kxf8 33. Rxf2 Qxg3+ 34. Rg2 Qe3+ 35.
Kh1 Bf4 36. Nf1 Qxa3 37. d7 Rd8 38. cxb6 Qa4 39. Qa1 Rxd7 40. d5 Ne5 41. bxa7
Rxa7 42. Qb1 Nf7 43. Qb6 Qa3 44. Qc5+ Bd6 45. Qc8+ Kg7 46. Qxf5 Qd3 47. Bc4 Qd4
48. Qf2 Qxf2 49. Rgxf2 Ng5 50. Rfe2 Bc5 51. h4 Nh3 52. Kh2 Ra3 53. Ng3 Bd6 54.
Rg2 1-0

[Event "Reykjavik Open 2024"]
[Site "Reykjavik ISL"]
[Date "2024.03.17"]
[Round "4.98"]
[White "Javet, Blaise"]
[Black "Fernandez, Daniel Howard"]
[Result "0-1"]
[BlackTitle "GM"]
[WhiteElo "1942"]
[BlackElo "2532"]
[WhiteFideId "1305026"]
[BlackFideId "5801605"]
[EventDate "2024.03.15"]

1. e4 c5 2. Nf3 Nc6 3. d4 cxd4 4. Nxd4 Nf6 5. Nc3 h5 6. Nxc6 bxc6 7. e5 Ng4 8.
e6 fxe6 9. Be2 Nf6 10. Bd3 Kf7 11. O-O e5 12. Ne4 Nxe4 13. Bxe4 d5 14. Qf3+ Kg8
15. Bg6 Be6 16. c4 e4 17. Qe2 Qd6 18. cxd5 cxd5 19. f3 Bd7 20. Bxe4 dxe4 21.
fxe4 g6 22. e5 Qb6+ 23. Be3 Qe6 24. Rad1 Bg7 25. Qd3 Bc6 26. Bg5 Kh7 0-1

[Event "Reykjavik Open 2024"]
[Site "Reykjavik ISL"]
[Date "2024.03.17"]
[Round "4.99"]
[White "Prraneeth, Vuppala"]
[Black "Madsen, Jens Ingemann"]
[Result "1-0"]
[WhiteTitle "GM"]
[WhiteElo "2506"]
[BlackElo "1945"]
[WhiteFideId "46622373"]
[BlackFideId "1434993"]
[EventDate "2024.03.15"]

1. d4 e6 2. c4 Nf6 3. Nf3 d5 4. g3 Be7 5. Bg2 O-O 6. O-O Nbd7 7. Qc2 c5 8. cxd5
Nxd5 9. a3 a6 10. e4 N5f6 11. Rd1 b5 12. dxc5 Bb7 13. Nc3 Bxc5 14. e5 Ng4 15.
Ng5 Bxf2+ 16. Kh1 Bxg2+ 17. Kxg2 g6 18. Qe2 h5 19. h3 Bxg3 20. hxg4 Bxe5 21.
gxh5 Qb6 22. Rxd7 Qc6+ 23. Qe4 Qxd7 24. Qxe5 Qb7+ 25. Qe4 Qxe4+ 26. Ngxe4 f5 27.
Ng5 gxh5 28. Bf4 Rf6 29. Rh1 Rc8 30. Rxh5 Rc5 31. Bd6 1-0

[Event "Reykjavik Open 2024"]
[Site "Reykjavik ISL"]
[Date "2024.03.17"]
[Round "4.100"]
[White "Zhu, Jiner"]
[Black "Honey, Luke Anthony"]
[Result "1-0"]
[WhiteTitle "GM"]
[WhiteElo "2467"]
[BlackElo "1939"]
[WhiteFideId "8608059"]
[BlackFideId "343403425"]
[EventDate "2024.03.15"]

1. e4 c6 2. d4 d5 3. e5 c5 4. dxc5 e6 5. Nf3 Bxc5 6. Bd3 Ne7 7. a3 Ng6 8. O-O
O-O 9. Re1 Nc6 10. b4 Be7 11. Bb2 f6 12. Bxg6 hxg6 13. Nbd2 Qe8 14. c4 Qf7 15.
Qe2 g5 16. exf6 Bxf6 17. Bxf6 gxf6 18. cxd5 exd5 19. b5 Na5 20. h4 gxh4 21. Nxh4
Bd7 22. Qe3 Qh5 23. Qg3+ Qg5 24. Qd6 Bg4 25. Ndf3 Bxf3 26. Nxf3 Qh5 27. Nd4 Nc4
28. Qg3+ Qg5 29. Qf3 Nd2 30. Qd3 Ne4 31. Ne6 Qf5 32. Rxe4 dxe4 33. Qg3+ Kf7 34.
Nxf8 Kxf8 35. Qd6+ Kg8 36. Rc1 Rf8 37. Qg3+ Qg5 38. Qxg5+ fxg5 39. Rc5 Rd8 40.
Rxg5+ Kf7 41. Rc5 Ke6 42. Rc7 Rd3 43. a4 Ra3 44. Rxb7 Rxa4 45. g3 Ra2 46. Kf1
Rb2 47. Rxa7 Rxb5 48. Ra8 Rb3 49. Re8+ Kf5 50. Rf8+ Ke5 51. Kg2 Rb7 52. Kh3 Rh7+
53. Kg4 Rg7+ 54. Kh4 Rh7+ 55. Kg5 Rg7+ 56. Kh6 Rg4 57. Kh5 Rg7 58. g4 Ke6 59. g5
Rh7+ 60. Kg6 Rh2 61. Kg7 Ke7 62. Rf4 Ke6 63. g6 Ke5 64. Rf8 Ke6 65. Kg8 Rg2 66.
g7 Rg4 67. Rd8 1-0

[Event "Reykjavik Open 2024"]
[Site "Reykjavik ISL"]
[Date "2024.03.17"]
[Round "4.101"]
[White "Slikker, Willem"]
[Black "Bulmaga, Irina"]
[Result "0-1"]
[BlackTitle "IM"]
[WhiteElo "1936"]
[BlackElo "2429"]
[WhiteFideId "1081330"]
[BlackFideId "13903063"]
[EventDate "2024.03.15"]

1. e4 e5 2. Nf3 Nc6 3. Bc4 Bc5 4. c3 Nf6 5. d3 d6 6. Bb3 a6 7. Nbd2 h6 8. h3 Ba7
9. Nf1 Be6 10. Qe2 Bxb3 11. axb3 O-O 12. g4 d5 13. g5 dxe4 14. dxe4 Nd7 15. gxh6
Nc5 16. Ng3 Nd3+ 17. Kf1 g6 18. Bg5 f6 19. Rd1 fxg5 20. Rxd3 Qf6 21. Qd2 Rad8
22. Kg2 Rd6 23. Rf1 Nd8 24. Nh2 Rxd3 25. Qxd3 Ne6 26. Ne2 Rd8 27. Ng4 Rxd3 28.
Nxf6+ Kh8 29. Re1 Rd2 30. Kf3 Bc5 31. b4 Bd6 32. Rb1 Rd3+ 33. Kg2 c6 34. b3 Bc7
35. Rb2 Nd8 36. Ng4 Kh7 37. Rc2 Nf7 38. Nc1 Rd1 39. Ne3 Rd8 40. Ng4 Nxh6 41. Kf3
Nf7 42. Ke2 Kg7 43. f3 Rh8 44. Nf2 Kf6 45. Ncd3 Bd6 46. Rd2 Ke7 47. Nc5 Nd8 48.
Kf1 a5 49. Kg2 Bxc5 50. bxc5 Ne6 51. b4 Nf4+ 52. Kg3 a4 53. Ra2 Ra8 54. Nd1 a3
55. c4 Nd3 56. Kg4 Nxb4 57. Ra1 a2 58. Nc3 Kf6 0-1

[Event "Reykjavik Open 2024"]
[Site "Reykjavik ISL"]
[Date "2024.03.17"]
[Round "4.102"]
[White "Kaser, Nicolas"]
[Black "Ruiz Buendia, Miguel"]
[Result "0-1"]
[BlackTitle "FM"]
[WhiteElo "1919"]
[BlackElo "2366"]
[WhiteFideId "1327739"]
[BlackFideId "24537675"]
[EventDate "2024.03.15"]

1. e4 e5 2. Nf3 Nc6 3. Bc4 Nf6 4. d3 Bc5 5. c3 a5 6. a4 d6 7. Nbd2 h6 8. O-O Ba7
9. Re1 O-O 10. Nf1 Ng4 11. Re2 Be6 12. Bxe6 fxe6 13. h3 Nf6 14. Ng3 Ne7 15. d4
Ng6 16. Re1 Nd7 17. Qb3 Qf6 18. Be3 Nf4 19. Bxf4 exf4 20. Nf1 Qe7 21. N1h2 Rab8
22. Ng4 Kh8 23. e5 d5 24. Qc2 Rf5 25. Qd3 Rg8 26. g3 Nf8 27. Nh4 Rh5 28. Kg2 c5
29. Qd2 Qf7 30. Nf3 Ng6 31. Re2 Rf8 32. Ngh2 fxg3 33. fxg3 cxd4 34. cxd4 Rf5 35.
Rf1 Ne7 36. Ref2 Nc6 37. Ng4 Qe7 38. Nxh6 gxh6 39. Qxh6+ Qh7 40. Qxh7+ Kxh7 41.
Ng5+ Kg6 42. Rxf5 Rxf5 43. Nxe6 Rxf1 44. Kxf1 Nxd4 45. Nf4+ Kf5 46. Nxd5 Kxe5
47. Ne3 Nb3 48. Ke2 Bxe3 49. Kxe3 Nc5 50. b3 Nxb3 51. Kd3 Kd5 52. h4 Nc5+ 53.
Ke3 Nxa4 54. Kf4 Nc5 55. g4 a4 56. Kf5 a3 57. Kg6 a2 58. Kh7 a1=Q 59. h5 Ne6 60.
h6 Qf6 61. g5 Qf7+ 62. Kh8 Nf4 0-1

[Event "Reykjavik Open 2024"]
[Site "Reykjavik ISL"]
[Date "2024.03.17"]
[Round "4.103"]
[White "Ragnarsson, Dagur"]
[Black "Becke, Wolf"]
[Result "1-0"]
[WhiteTitle "IM"]
[WhiteElo "2337"]
[BlackElo "1928"]
[WhiteFideId "2304058"]
[BlackFideId "16203038"]
[EventDate "2024.03.15"]

1. d4 g6 2. Nf3 Bg7 3. c4 d6 4. g3 Nd7 5. Bg2 e6 6. Nc3 Ne7 7. h4 h5 8. e4 a6 9.
Bg5 Rb8 10. a4 Nf6 11. Qd2 Ng4 12. Rd1 O-O 13. e5 Qe8 14. O-O Bd7 15. b4 Nc8 16.
b5 Ne7 17. Nh2 dxe5 18. Nxg4 hxg4 19. dxe5 Nf5 20. Ne4 Bxe5 21. Bf6 Bd6 22. c5
Be7 23. Bxe7 Qxe7 24. Qxd7 Qxd7 25. Nf6+ 1-0

[Event "Reykjavik Open 2024"]
[Site "Reykjavik ISL"]
[Date "2024.03.17"]
[Round "4.104"]
[White "Pigott, John C"]
[Black "Hill, Andy"]
[Result "1-0"]
[WhiteTitle "IM"]
[WhiteElo "2326"]
[BlackElo "1926"]
[WhiteFideId "400459"]
[BlackFideId "499927"]
[EventDate "2024.03.15"]

1. c4 Nf6 2. Nc3 g6 3. e4 d6 4. d4 Bg7 5. Be2 O-O 6. Be3 Nbd7 7. Nf3 e5 8. O-O
Qe7 9. Qc2 c6 10. Rad1 Re8 11. d5 c5 12. Kh1 Kh8 13. Bg5 a6 14. a4 b6 15. a5
bxa5 16. Ra1 h6 17. Bd2 Rf8 18. g3 Ng8 19. Nh4 Qd8 20. Nd1 Bf6 21. Ng2 Qe8 22.
Bxa5 Bd8 23. Bc3 Kh7 24. Nde3 Rb8 25. Bd3 h5 26. Rae1 Nb6 27. b3 Bd7 28. Ra1 Bc8
29. f4 f6 30. Nh4 Nh6 31. f5 g5 32. Ng6 Rg8 33. Qe2 g4 34. h3 Nd7 35. hxg4 Rxg6
36. fxg6+ Qxg6 37. gxh5 Qxg3 38. Rf2 Nf8 39. Rg1 Qh3+ 40. Rh2 Qd7 41. Bc2 Qf7
42. Rg3 Bd7 43. Rhg2 Be8 44. Bd1 Qd7 45. Bd2 f5 46. Nxf5 Nxf5 47. exf5 Bf6 48.
Qe3 1-0

[Event "Reykjavik Open 2024"]
[Site "Reykjavik ISL"]
[Date "2024.03.17"]
[Round "4.105"]
[White "Olafsson, Olafur Orn"]
[Black "Larkin, Benjamin"]
[Result "0-1"]
[WhiteElo "1542"]
[BlackElo "1914"]
[WhiteFideId "2312042"]
[BlackFideId "479977"]
[EventDate "2024.03.15"]

1. d4 Nf6 2. c4 g6 3. Nc3 d5 4. Nf3 Bg7 5. Bg5 Ne4 6. Bf4 Nxc3 7. bxc3 dxc4 8.
e4 b5 9. a4 c6 10. axb5 cxb5 11. Bxb8 Rxb8 12. Rxa7 Bg4 13. Be2 O-O 14. O-O Bxf3
15. Bxf3 b4 16. cxb4 Rxb4 17. Qd2 Qb6 18. Rd7 Rc8 19. e5 c3 20. Qe3 c2 21. Rb7
Qxb7 22. Bxb7 Rxb7 23. Rc1 Rb1 24. Kf1 Rxc1+ 25. Qxc1 Bh6 0-1

[Event "Reykjavik Open 2024"]
[Site "Reykjavik ISL"]
[Date "2024.03.17"]
[Round "4.109"]
[White "Tourbez, Geofrey"]
[Black "Jansen, Marijn"]
[Result "0-1"]
[WhiteElo "1517"]
[BlackElo "1899"]
[WhiteFideId "653058810"]
[BlackFideId "1089587"]
[EventDate "2024.03.15"]

1. d4 Nf6 2. Nc3 d5 3. Bf4 c5 4. e3 cxd4 5. exd4 a6 6. Nf3 e6 7. Ne5 Nc6 8. Nxc6
bxc6 9. Na4 Be7 10. Bd3 O-O 11. O-O Nd7 12. Re1 a5 13. Bxh7+ Kxh7 14. Qh5+ Kg8
15. Re3 Nf6 16. Qe2 Ba6 17. Qf3 Rc8 18. Be5 c5 19. Bxf6 Bxf6 20. Qh5 g6 21. Qh6
Bg7 22. Qf4 Bxd4 23. Rh3 Qf6 24. Qxf6 Bxf6 25. Nb6 Rcd8 26. Rc1 c4 27. Rb1 Bb5
28. a4 Ba6 29. b4 axb4 30. Rxb4 Bd4 31. c3 Bxb6 32. Rxb6 Rb8 33. a5 Rxb6 0-1

[Event "Reykjavik Open 2024"]
[Site "Reykjavik ISL"]
[Date "2024.03.17"]
[Round "4.113"]
[White "Ozbas, Burak"]
[Black "Gislason, Gudmundur"]
[Result "1-0"]
[BlackTitle "FM"]
[WhiteElo "1876"]
[BlackElo "2266"]
[WhiteFideId "6323480"]
[BlackFideId "2300559"]
[EventDate "2024.03.15"]

1. e4 g6 2. d4 Bg7 3. Be3 d6 4. Nf3 a6 5. c4 c6 6. Nc3 Nf6 7. h3 O-O 8. Be2 b5
9. a3 Nfd7 10. O-O Nb6 11. b3 bxc4 12. bxc4 d5 13. c5 dxe4 14. Nxe4 Nd5 15. Qb3
Nd7 16. Bc4 Qc7 17. Rab1 Rb8 18. Qd3 Nxe3 19. fxe3 Rxb1 20. Rxb1 Qa5 21. Qb3 Nf6
22. Bxf7+ Rxf7 23. Neg5 Nd5 24. Nxf7 Kxf7 25. e4 e6 26. exd5 exd5 27. Qb8 1-0

[Event "Reykjavik Open 2024"]
[Site "Reykjavik ISL"]
[Date "2024.03.17"]
[Round "4.114"]
[White "Riisem, Oyvind"]
[Black "Jonsson, Johann"]
[Result "1-0"]
[WhiteElo "2234"]
[BlackElo "1875"]
[WhiteFideId "1504673"]
[BlackFideId "2321688"]
[EventDate "2024.03.15"]

1. e4 c5 2. Nf3 d6 3. Bc4 Nf6 4. e5 dxe5 5. Nxe5 e6 6. Qe2 Be7 7. O-O O-O 8. a4
Qc7 9. f4 Nc6 10. Ra3 Bd6 11. Nxc6 Qxc6 12. Nc3 b6 13. Nb5 Bb8 14. Re3 Nd5 15.
Ref3 a6 16. Na3 Ne7 17. Bd3 Bb7 18. b3 Nf5 19. Rh3 g6 20. Bb2 Bc7 21. Rf2 Nd4
22. Qg4 f5 23. Qh4 Qd7 24. Re3 Rad8 25. Nc4 b5 26. axb5 axb5 27. Ne5 Bxe5 28.
Rxe5 Nxb3 29. Bxb5 Qxb5 30. cxb3 Qxb3 31. Bc3 Rd7 32. Rfe2 Bd5 33. Qg5 c4 34. h4
Qb6+ 35. R2e3 Qd8 36. Qh6 Rff7 37. Rg3 Qf8 38. Qg5 Qe7 39. Qh6 Qf8 40. Qh5 1-0

[Event "Reykjavik Open 2024"]
[Site "Reykjavik ISL"]
[Date "2024.03.17"]
[Round "4.115"]
[White "Smith, Alexander"]
[Black "Sivanandan, Bodhana"]
[Result "0-1"]
[BlackTitle "WCM"]
[WhiteElo "1857"]
[BlackElo "2088"]
[WhiteFideId "30996910"]
[BlackFideId "497592"]
[EventDate "2024.03.15"]

1. c4 c6 2. Nc3 Nf6 3. e4 d5 4. exd5 cxd5 5. d4 e6 6. Nf3 Nc6 7. c5 Be7 8. Bb5
Bd7 9. O-O O-O 10. Re1 Re8 11. Bf4 Bf8 12. Rb1 a6 13. Bxc6 Bxc6 14. Ne5 Qc8 15.
Qc2 Nd7 16. b4 f6 17. Nd3 Bb5 18. Nb2 Bc6 19. Nd3 b5 20. Bg3 Nb8 21. Qd1 Bd7 22.
h4 Nc6 23. Nf4 Ne7 24. f3 g6 25. Qc2 Bh6 26. Nd3 Bg7 27. Re2 Nc6 28. Bf2 f5 29.
Ne5 Nxe5 30. dxe5 a5 31. Bd4 axb4 32. Rxb4 Ra5 33. Qb1 Bf8 34. Nxb5 Bxc5 35. Rc2
Rxb5 36. Rxb5 Bxd4+ 37. Kf1 Bxb5+ 38. Qxb5 Qb8 39. Qd7 Qb1+ 0-1

[Event "Reykjavik Open 2024"]
[Site "Reykjavik ISL"]
[Date "2024.03.17"]
[Round "4.116"]
[White "Birkisson, Bardur Orn"]
[Black "Abbott, James"]
[Result "1-0"]
[WhiteTitle "CM"]
[WhiteElo "2189"]
[BlackElo "1852"]
[WhiteFideId "2310597"]
[BlackFideId "2078082"]
[EventDate "2024.03.15"]

1. e4 e6 2. d4 d5 3. Nd2 c5 4. Ngf3 cxd4 5. exd5 Qxd5 6. Bc4 Qd8 7. O-O Nf6 8.
Nb3 Be7 9. Nbxd4 O-O 10. Qe2 a6 11. Re1 Nc6 12. Nxc6 bxc6 13. Ne5 Qc7 14. Bf4
Bd6 15. Bg3 Bb7 16. Rad1 Nd5 17. Bd3 Rad8 18. c4 Nf6 19. c5 Bxc5 20. Ng6 Qb6 21.
Nxf8 Bxf8 22. Bh4 Be7 23. Be4 a5 24. Rxd8+ Qxd8 25. Qc2 Nxe4 26. Bxe7 Qxe7 27.
Qxe4 h6 28. h3 c5 29. Qe5 Kf8 30. Qb8+ 1-0

[Event "Reykjavik Open 2024"]
[Site "Reykjavik ISL"]
[Date "2024.03.17"]
[Round "4.117"]
[White "Hill, Alistair"]
[Black "Keenan, Alex"]
[Result "1-0"]
[WhiteElo "2187"]
[BlackElo "1839"]
[WhiteFideId "432407"]
[BlackFideId "2409518"]
[EventDate "2024.03.15"]

1. c4 Nf6 2. Nf3 g6 3. d4 Bg7 4. e3 O-O 5. Be2 d6 6. O-O Nbd7 7. Nc3 e5 8. Qc2
c6 9. b4 exd4 10. exd4 d5 11. c5 Re8 12. Bd3 b6 13. Bf4 Nh5 14. Bd6 Bf8 15. Bxf8
Rxf8 16. b5 bxc5 17. bxc6 Ndf6 18. dxc5 Nf4 19. Rfe1 Bh3 20. gxh3 Qc8 21. Bf1
Nxh3+ 22. Kh1 Qg4 23. Bg2 Nf4 24. Rg1 Nxg2 25. Nd2 Qf4 26. Rxg2 Ng4 27. Nf1 h5
28. Nxd5 Qf3 29. Nde3 h4 30. Kg1 Ne5 31. Nd2 Qe2 32. Ne4 Qf3 33. Ng5 Qxc6 34.
Qe4 Qf6 35. Rc1 Rfe8 36. Qxh4 Qxg5 37. Qxg5 Nf3+ 38. Kh1 Nxg5 39. Rxg5 1-0

[Event "Reykjavik Open 2024"]
[Site "Reykjavik ISL"]
[Date "2024.03.17"]
[Round "4.118"]
[White "Stenzel, Thomas"]
[Black "Owen, Garth I"]
[Result "1-0"]
[WhiteElo "2175"]
[BlackElo "1834"]
[WhiteFideId "4632770"]
[BlackFideId "10700382"]
[EventDate "2024.03.15"]

1. e4 c5 2. Nf3 d6 3. d4 cxd4 4. Qxd4 Nc6 5. Bb5 Bd7 6. Bxc6 Bxc6 7. Nc3 Nf6 8.
Bg5 e6 9. O-O-O h6 10. Bh4 Be7 11. Rhe1 d5 12. exd5 Bxd5 13. Bxf6 1-0

[Event "Reykjavik Open 2024"]
[Site "Reykjavik ISL"]
[Date "2024.03.17"]
[Round "4.119"]
[White "Glasschroeder, Maximilian"]
[Black "Bottema, Martin"]
[Result "0-1"]
[WhiteElo "1833"]
[BlackElo "2053"]
[WhiteFideId "34652590"]
[BlackFideId "1011006"]
[EventDate "2024.03.15"]

1. e4 e5 2. Nf3 Nc6 3. d4 exd4 4. Nxd4 Nf6 5. Nxc6 bxc6 6. e5 Qe7 7. Qe2 Nd5 8.
h4 f6 9. exf6 Qxe2+ 10. Bxe2 Nxf6 11. O-O Bc5 12. Nd2 O-O 13. Nf3 d6 14. Bc4+
Kh8 15. Ng5 h6 16. Nf3 Bg4 17. Nd2 Rae8 18. Nb3 Bb6 19. Bd2 Be2 20. Bxe2 Rxe2
21. Rae1 Rxf2 22. Kh1 Ng4 23. Rxf2 Bxf2 24. Rf1 Re8 25. c4 Kg8 26. Na5 Re2 27.
Bc3 Bxh4 28. Rf4 h5 29. Nxc6 Rc2 30. Rf1 Ne3 31. Rf3 Rc1+ 0-1

[Event "Reykjavik Open 2024"]
[Site "Reykjavik ISL"]
[Date "2024.03.17"]
[Round "4.120"]
[White "Johannsson, Birkir Isak"]
[Black "Chilton, James I"]
[Result "1-0"]
[WhiteElo "2161"]
[BlackElo "1823"]
[WhiteFideId "2314673"]
[BlackFideId "423009"]
[EventDate "2024.03.15"]

1. Nf3 d5 2. d4 Nf6 3. c4 e6 4. g3 Bb4+ 5. Bd2 Bxd2+ 6. Nbxd2 O-O 7. Bg2 c6 8.
O-O Na6 9. Rc1 Bd7 10. Qc2 Rc8 11. Rfd1 b5 12. c5 Nb4 13. Qb1 a5 14. a3 Na6 15.
Re1 Nc7 16. e4 dxe4 17. Nxe4 Ncd5 18. Nd6 Rc7 19. Ne5 a4 20. h4 Ne8 21. Ne4 f6
22. Nf3 Bc8 23. Qc2 Re7 24. Rcd1 Qc7 25. Nc3 Rff7 26. Rd2 Bd7 27. Rde2 Qd8 28.
Ne4 Qc7 29. Bh3 g6 30. Nc3 Nxc3 31. Qxc3 Ng7 32. Qd2 e5 33. Bg2 Bg4 34. dxe5
Bxf3 35. Bxf3 Rxe5 36. Rxe5 fxe5 37. Bg4 Nf5 38. h5 Nd4 39. hxg6 hxg6 40. Qg5
Kg7 41. Rxe5 Rf6 42. Re8 Qf7 43. Qe5 Kh7 44. Re7 1-0

[Event "Reykjavik Open 2024"]
[Site "Reykjavik ISL"]
[Date "2024.03.17"]
[Round "4.121"]
[White "Oskarsson, Markus Orri"]
[Black "Brackmann, Hendrik"]
[Result "0-1"]
[WhiteElo "1816"]
[BlackElo "2037"]
[WhiteFideId "2320118"]
[BlackFideId "12905135"]
[EventDate "2024.03.15"]

1. c4 c5 2. Nf3 Nf6 3. Nc3 e6 4. d4 d5 5. cxd5 exd5 6. g3 Nc6 7. Bg2 cxd4 8.
Nxd4 Bc5 9. Nb3 Bb6 10. O-O d4 11. Na4 O-O 12. Nxb6 axb6 13. Bg5 Re8 14. Re1 h6
15. Bxf6 Qxf6 16. a3 Be6 17. Nc1 Rad8 18. Nd3 Bd5 19. Qd2 Bxg2 20. Kxg2 g5 21.
Rh1 Na5 22. Rae1 Nc4 23. Qb4 Qc6+ 24. Kg1 Ne5 25. Nxe5 Rxe5 26. h4 Qc5 27. Qd2
d3 28. hxg5 Qc2 29. Qxc2 dxc2 30. Kg2 hxg5 31. e3 Rd2 32. Rhf1 Rb5 33. b4 Rbd5
34. Rc1 R5d3 35. Kf3 g4+ 36. Ke4 Rd1 37. Rxc2 f5+ 38. Kxf5 Rxf1 39. Kxg4 Rxa3
40. Kg5 Rb3 41. Kf6 Rxe3 42. Kg6 Rf3 43. Rc8+ Rf8 44. Rc7 R8xf2 45. Rc8+ Rf8 46.
Rc7 R1f7 47. Rc4 Rg7+ 48. Kh6 Rf6+ 49. Kh5 Kh7 0-1

[Event "Reykjavik Open 2024"]
[Site "Reykjavik ISL"]
[Date "2024.03.17"]
[Round "4.122"]
[White "Kristinsson, Magnus"]
[Black "Heidarsson, Arnar Milutin"]
[Result "0-1"]
[WhiteElo "1810"]
[BlackElo "2037"]
[WhiteFideId "2305682"]
[BlackFideId "2312875"]
[EventDate "2024.03.15"]

1. Nf3 d5 2. e3 Nf6 3. c4 e6 4. Be2 Be7 5. O-O O-O 6. Nc3 b6 7. d4 Bb7 8. b3
Nbd7 9. Qc2 c5 10. Bb2 Rc8 11. Rac1 dxc4 12. bxc4 Bxf3 13. gxf3 cxd4 14. exd4
Bd6 15. Ne4 Bf4 16. Ng3 Bxc1 17. Qxc1 Qc7 18. Qg5 h6 19. Qh4 Qd6 20. Kh1 Qe7 21.
Rg1 Nd5 22. Qe4 f5 23. Nxf5 exf5 24. Qxd5+ Qf7 25. Qd6 Kh7 26. d5 g6 27. Bd3 Nc5
28. Bb1 Rfe8 29. Qf4 Rf8 30. Rg3 g5 31. Rxg5 hxg5 32. Qxg5 Qg6 33. Qh4+ Kg8 34.
d6 Rce8 35. Bxf5 Re1# 0-1